000 00963nam a22002297a 4500
999 _c20082
_d20082
003 AR-CdUCM
008 190525b ||||| |||| 00| 0 spa d
040 _aMUNICIPALIDAD PROVINCIAL DEL CUSCO
_cBIBLIOTECA MUNICIPAL DEL CUSCO
082 _a343.273 /
_bk74
100 _aKonvitz, Milton R.
_942012
245 _aLa libertad en la declaración de derechos en los Estados Unidos /
260 _aBuenos Aires :
_bBibliográfica Argentina,
_c1959.
300 _a536 páginas ;
_c25 cm.
505 _aContenido : Declaración de derechos en la constitución de los Estados Unidos -- El gobierno de la ley -- El poder ejecutivo esta sujeto a la ley sancionada por el congreso...
650 _aConstitución de Estados Unidos
_942013
650 _aLibertada de religión
_942014
650 _aLibertad de palabra
_942015
650 _aDiscriminación racial
_911668
700 _aItzigsohn De Fischman, Maria Eugenia
_942016
942 _2ddc
_cLIBROS
945 _arcc